| 000 | 01474nam a2200337 a 4500 | ||
|---|---|---|---|
| 001 | ebr10522034 | ||
| 003 | CaPaEBR | ||
| 006 | m u | ||
| 007 | cr cn||||||||| | ||
| 008 | 120130s2011 enk sb 001 0deng d | ||
| 020 | _z9781848856325 | ||
| 020 | _z9780857720313 (e-book) | ||
| 040 |
_aCaPaEBR _cCaPaEBR |
||
| 035 | _a(OCoLC)773481545 | ||
| 043 |
_aa-is--- _aawba--- |
||
| 050 | 1 | 4 |
_aD640.B35 _bJ47 2011eb |
| 100 | 1 |
_aBallobar, Antonio de la Cierva Lewita, _cconde de. |
|
| 245 | 1 | 0 |
_aJerusalem in World War I _h[electronic resource] : _bthe Palestine diary of a European diplomat / _cConde de Ballobar ; edited by Eduardo Manzano Moreno and Roberto Mazza ; with an introduction and notes by Roberto Mazza. |
| 260 |
_aLondon : _bI.B. Tauris, _c2011. |
||
| 300 | _axvi, 283 p. | ||
| 504 | _aIncludes bibliographical references and index. | ||
| 533 |
_aElectronic reproduction. _bPalo Alto, Calif. : _cebrary, _d2012. _nAvailable via World Wide Web. _nAccess may be limited to ebrary affiliated libraries. |
||
| 600 | 1 | 0 |
_aBallobar, Antonio de la Cierva Lewita, _cconde de. |
| 650 | 0 |
_aWorld War, 1914-1918 _zJerusalem. |
|
| 650 | 0 |
_aWorld War, 1914-1918 _vPersonal narratives. |
|
| 655 | 7 |
_aElectronic books. _2local |
|
| 700 | 1 | _aManzano Moreno, Eduardo. | |
| 700 | 1 | _aMazza, Roberto. | |
| 710 | 2 | _aebrary, Inc. | |
| 856 | 4 | 0 |
_uhttp://site.ebrary.com/lib/rucke/Doc?id=10522034 _zAn electronic book accessible through the World Wide Web; click to view |
| 999 |
_c238340 _d238340 |
||